Oklahoma Football Opponents Since 2000 - Statistics

General Stats
  • This quiz has been taken 181 times
    143 since last reset
  • The average score is 42 of 67
Answer Stats
Times Played Answer % Correct
25 Texas
100%
24 Oklahoma St
98%
4 Alabama
95%
18 Kansas
94%
21 Kansas St
94%
23 Texas Tech
94%
2 Florida
93%
1 Iowa
93%
19 Iowa St
92%
2 LSU
89%
24 Baylor
88%
4 Florida St
87%
15 Texas Christian
85%
1 Arizona
84%
1 Georgia
84%
2 Ohio St
84%
13 Texas AM
84%
1 Arkansas
82%
10 Nebraska
82%
7 Colorado
81%
8 Missouri
80%
1 Southern California
79%
10 Tulsa
79%
4 Oregon
78%
1 Auburn
77%
12 West Virginia
76%
2 BYU
75%
2 Clemson
75%
3 Houston
75%
2 Tennessee
75%
4 UCLA
75%
1 Southern Methodist
72%
5 UTEP
70%
2 Miami (FL)
69%
1 Central Florida
68%
2 Notre Dame
67%
2 Washington
66%
2 Tulane
61%
2 Arkansas St
59%
3 Cincinnati
59%
1 North Carolina
59%
1 Boise St
54%
1 Stanford
53%
1 Washington St
52%
1 Army
51%
3 North Texas
51%
1 Rice
49%
2 Utah St
48%
2 Air Force
47%
1 South Florida
47%
1 Florida Atlantic
39%
1 Kent St
35%
2 Louisiana Monroe
35%
1 Connecticut
34%
1 Fresno St
34%
1 UAB
33%
1 Akron
32%
1 Louisiana Tech
30%
1 Missouri St
29%
1 Ball St
24%
1 Bowling Green
22%
1 South Dakota
20%
1 Idaho St
18%
1 Middle Tennessee St
17%
1 Western Carolina
12%
1 Chattanooga
9%
1 Florida AM
8%
No matching quizzes found
Score Distribution
Percent of People with Each Score
Percentile by Number Answered
Your Score History
You have not taken this quiz since the last reset